| 000 | 00398nam a2200157Ia 4500 | ||
|---|---|---|---|
| 008 | 230917s9999||||xx |||||||||||||| ||und|| | ||
| 040 |
_e36547 _aMAIN |
||
| 041 | _aEnglish | ||
| 082 | _a954.01 C425I | ||
| 100 | _aChesney, george | ||
| 245 | 0 | _aIndian polity: The system of administration in India | |
| 250 | _a3rd ed. | ||
| 260 |
_aDelhi _bConcept _c1976 |
||
| 300 | _ax, 125 p. | ||
| 942 | _cBK | ||
| 999 |
_c142786 _d142786 |
||